logo

Bir Sreshtho Munshi Abdur Rouf Library
Jhenaidah Cadet College

The rise of the West : a history of the human community : with a retrospective essay / (Record no. 13679)

MARC details
000 -LEADER
fixed length control field 00789nam a2200229 a 4500
001 - CONTROL NUMBER
JCCL Control Number 13679
003 - CONTROL NUMBER IDENTIFIER
JCCL marc code BD-JhCC
005 - DATE AND TIME OF LATEST TRANSACTION
control field 20240313204647.0
008 - FIXED-LENGTH DATA ELEMENTS--GENERAL INFORMATION
fixed length control field 240313b 2007u a|||| ||a| 001 0 eng d
020 ## - INTERNATIONAL STANDARD BOOK NUMBER
International Standard Book Number 0226561410
035 ## - SYSTEM CONTROL NUMBER
system control number (BD-JhCC)13679
040 ## - CATALOGING SOURCE
Original cataloging agency BD-JhCC
Modifying agency BD-JhCC
041 ## - LANGUAGE CODE
Language code of Book eng
082 ## - DEWEY DECIMAL CLASSIFICATION NUMBER
Classification number 909
Author mark and Year MCN 2007
100 ## - MAIN ENTRY--PERSONAL NAME
Personal name McNeill, William Hardy
245 ## - TITLE STATEMENT
Title The rise of the West : a history of the human community : with a retrospective essay /
Remainder of title William Hardy McNeill
260 ## - PUBLICATION, DISTRIBUTION, ETC. (IMPRINT)
Place of publication, distribution, etc Chicago:
Name of publisher, distributor, etc University of Chicago Press;
Date of publication, distribution, etc 2007.
300 ## - PHYSICAL DESCRIPTION
Pagination 828 p. :
Other physical details ill
Dimensions 22 cm.
650 ## - SUBJECT ADDED ENTRY--TOPICAL TERM
Topical term or geographic name as entry element 15.50 general world history; history of great parts of the world, peoples, civilizations: general
Form subdivision Civilisation occidentale
General subdivision Civilisation Histoire
942 ## - ADDED ENTRY ELEMENTS (KOHA)
Source of classification or shelving scheme Dewey Decimal Classification
Koha item type Books
Holdings
Source of classification or shelving scheme Damaged status Not for loan Home library Current library Shelving location Date of accession Cost, normal purchase price Total Checkouts Full call number Barcode Date last seen Copy number Method of acquisition Koha item type Currency
Dewey Decimal Classification     JCC Rouf Library JCC Rouf Library General Stacks   1010.00   909 MCN 2007 19122 03/13/2024 C-1 Purchase Books BDT

JCC Library | Contacts | JCC Home

Last Update on 23 September 2017
Copyright @ 2017-2020 JCC Rouf Library
Rouf Library, Jhenidah Cadet College (JCC), Bangladesh